000
00206 a2200097 4500
001
1950
100
_a
Akhtar,SM
245
_a
Economics of Pakistan
260
_a
_b
Publishers United
_c
090
_c
1448
_d
1448
942
_a
NUST-CAE
_c
M
_c
4980
999
_c
237023
_d
237023